000 01179nam a2200337 a 4500
001 000113565
003 CHAP
005 20220329144401.0
008 170803s2016 mx a fsm |||||||spa d
010 _a110026
011 _a110998
040 _cCHAP
090 _aTesis
100 1 _aArenas Norman, Pedro Damian
_96959
245 1 0 _aNaturaleza, agricultura y sociedad /
_h[En línea]
_cpor Pedro Damian Arenas Norman.
260 _aChapingo, Méx. :
_bEl autor,
_c2016.
500 _aPara ver el contenido del material haga clic en la liga
502 _aTesis (Ph.D. en Ciencias Agrarias) -- UACH. Departamento de Sociología Rural
590 _aBATCH
_b00
_c20181121
_lUCH01
_h0758
590 _aE6096MTM
_b05
_c20170803
_lUCH01
_h1439
590 _aE6096MTM
_b05
_c20170803
_lUCH01
_h1439
650 1 4 _aAgricultura
_zMéxico.
_91932
650 1 4 _aEcología agrícola
_xComunidades rurales.
_9132301
650 1 4 _aNaturaleza
_xEfecto de los seres humanos sobre.
_9132500
650 1 4 _aSociología rural.
_9108215
856 _a1
_n0000499
856 _aFinding aid
_uhttp://10.13.5.2/tesis/sist113565.pdf
_zTeclea aquí
901 _aBK
942 _cTESIS
942 _n0
999 _c110026
_d110026